ბათუმის შოთა რუსთაველის სახელმწიფო უნივერსიტეტის ბიბლიოთეკა

Справочник агронома по защите растении (ბიბ.ჩანაწერი № 45858)

000 -LEADER
fixed length control field 00609nam a2200193Ia 4500
001 - CONTROL NUMBER
control field 12687
003 - CONTROL NUMBER IDENTIFIER
control field GE_BSU
008 - FIXED-LENGTH DATA ELEMENTS--GENERAL INFORMATION
fixed length control field 181216s||||||||xx |||||||||||||| ||und||
040 ## - CATALOGING SOURCE
Transcribing agency GE_BSU
080 ## - UNIVERSAL DECIMAL CLASSIFICATION NUMBER
Universal Decimal Classification number 632.9(035)
245 ## - TITLE STATEMENT
Title Справочник агронома по защите растении
245 ## - TITLE STATEMENT
Statement of responsibility, etc. Под.ред.Н.А.Наумова. В.Н.Щеголева Ред.М.И.Головин
260 ## - PUBLICATION, DISTRIBUTION, ETC.
Place of publication, distribution, etc. М-Л
260 ## - PUBLICATION, DISTRIBUTION, ETC.
Name of publisher, distributor, etc. Сельхозгиз
260 ## - PUBLICATION, DISTRIBUTION, ETC.
Date of publication, distribution, etc. 1948
300 ## - PHYSICAL DESCRIPTION
Extent 830стр.20см.
653 ## - INDEX TERM--UNCONTROLLED
Uncontrolled term Справочник агронома по защите растении
942 ## - ADDED ENTRY ELEMENTS (KOHA)
Koha item type წიგნი
ეგზემპლარები
Withdrawn status Lost status Damaged status Not for loan Date acquired Barcode Date last seen Price effective from Koha item type
        2018-12-17 20933 2018-12-17 2018-12-17 წიგნი